| 000 | 00689nam a2200217Ia 4500 | ||
|---|---|---|---|
| 001 | 16620 | ||
| 003 | GE_BSU | ||
| 008 | 181216s||||||||xx |||||||||||||| ||und|| | ||
| 040 | _cGE_BSU | ||
| 080 | _a21.353.1-31 | ||
| 100 | _aკვიცარიძე, დავით | ||
| 245 | _aმწვანე ქალაქი. ნ.1 | ||
| 245 | _bრომანი | ||
| 260 | _aქუთაისი[თბილისი] | ||
| 260 | _bსაბჭ. საქართველო, ქუთაისის ფილიალი | ||
| 260 | _c1979 | ||
| 300 | _a375 გვ.16სმ. | ||
| 653 | _aმწვანე ქალაქი | ||
| 653 | _aრომანი | ||
| 942 | _cBK | ||
| 999 |
_c49687 _d49687 |
||